000 00567nam a2200193Ia 4500
003 PILC
005 20150430162126.0
008 140321s9999 xx 000 0 und d
020 _a9714206057
050 _aQA 150
_b.P487 2004
100 _aPetilos, Gabino P.
245 _aSimplified college algebra /
_cGabino P. Petilos, Ph.D.
260 _aBulacan, Philippines :
_bTrinitas Publishing, Inc.
_c2004.
300 _a359 pages :
_c26 cm.
_billustrations ;
500 _aIncludes glossary and index.
650 _aAlgebra.
942 _cBK
_2lcc
999 _c283813
_d283813